|
|
|
|
| LEADER |
00000cam a2200000 7i4500 |
| 001 |
0000003346 |
| 002 |
000003611 |
| 005 |
20081217.0 |
| 020 |
|
|
|a 0002159481
|
| 090 |
0 |
0 |
|a 070.431
|b TIM
|
| 245 |
0 |
4 |
|a The Times bedside book
|c edited by Philip Howard
|
| 260 |
|
|
|a London :
|b Harper Collins Publishers ,
|c 1991
|
| 300 |
|
|
|a 272p. ;
|c 22cm.
|
| 650 |
0 |
0 |
|a The Times
|x Collected works
|
| 700 |
1 |
|
|a Howard, Philip ,
|e edited by
|
| 999 |
|
|
|a 00059833
|b BUKU
|c PINJAMAN
|e PERPUSTAKAAN KOMUNITI PETALING JAYA
|
| 999 |
|
|
|a 031566
|b BUKU
|c PINJAMAN
|e PERPUSTAKAAN KOMUNITI PETALING JAYA
|
| 999 |
|
|
|a 031567
|b BUKU
|c PINJAMAN
|e PERPUSTAKAAN KOMUNITI PETALING JAYA
|